Bibliotheca legum portoricensis (Record no. 173413)

MARC details
000 -LEADER
campo de control de longitud fija 00670nam a2200169 i 4500
001 - NÚMERO DE CONTROL
campo de control 173413
003 - IDENTIFICADOR DE NÚMERO DE CONTROL
campo de control ES-MaACL
005 - FECHA Y HORA DE LA ÚLTIMA TRANSACCIÓN
campo de control 20230906215232.0
008 - DATOS DE LONGITUD FIJA--INFORMACIÓN GENERAL
campo de control de longitud fija 091201s1962 pr |||| | spa d
080 ## - NÚMERO DE LA CLASIFICACIÓN DECIMAL UNIVERSAL
Número de la Clasificación Decimal Universal 016:34(729.5)
100 1# - ENTRADA PRINCIPAL--NOMBRE DE PERSONA
Nombre de persona Dávila Lanausse, José Nilo.
9 (RLIN) 156855
245 10 - MENCIÓN DEL TÍTULO
Título Bibliotheca legum portoricensis
Resto del título : collectanea jurídica : bibliografía legal selecta de Puerto Rico, siglos XIX-XX /
Mención de responsabilidad, etc. José Nilo Dávila Lanausse.
260 ## - PUBLICACIÓN, DISTRIBUCIÓN, ETC.
Lugar de publicación, distribución, etc. [San Juan] :
Nombre del editor, distribuidor, etc. Colegio de Abogados de Puerto Rico,
Fecha de publicación, distribución, etc. 1962 (
Lugar de fabricación/manufactura Barcelona :
Fabricante M. Pareja, imp.)
300 ## - DESCRIPCIÓN FÍSICA
Extensión 505 p. ;
Dimensiones 22 cm.
650 #4 - PUNTO DE ACCESO ADICIONAL DE MATERIA--TÉRMINO DE MATERIA
Término de materia o nombre geográfico como elemento de entrada Derecho-
Subdivisión geográfica Puerto Rico-
Subdivisión de forma Bibliografías.
9 (RLIN) 156856
852 ## - LOCALIZACIÓN
Ubicación ES-MaACL
Número de control de estantería C-57014
Holdings
Estatus retirado Estado de pérdida Estado de daño No para préstamo Biblioteca de origen Biblioteca actual Ubicación en estantería Fecha de adquisición Fuente de adquisición Total de préstamos Signatura topográfica completa Código de barras Visto por última vez Precio de reemplazo Tipo de ítem Koha
        Biblioteca del Ateneo de Madrid Biblioteca del Ateneo de Madrid Depósito 2 01/12/2009     C-57014 1181990 23/02/2023 23/02/2023 Libro impreso